060_ Personnalités nées un 1er mars par images - Statistiques

Statistiques générales
  • Ce quiz a été pris 36 fois
  • Le résultat moyen est 3 sur 9
Statistiques - réponses
Par images Hint Réponse % Correct
Chanteur Justin Bieber
97%
Vidéaste ZeratoR
41%
Youtubeur Bruce Benamran / E-Penser
32%
Politicienne Prisca Thévenot
29%
Compositeur Frédéric Chopin
26%
Peintre Sandro Boticcelli
15%
Catcheur Big E
6%
Dirigeant Politique Yitzhak Rabin
3%
Chanteur Burning Spear
0%
Aucun quiz correspondant
Distribution des résultats
% des personnes avec chaque résultat
Percentile par nombre de réponses
Votre historique - résultats
Vous n’avez pas pris ce quiz